| 000 | 01397cam a22003254a 4500 | ||
|---|---|---|---|
| 005 | 20091130142839.0 | ||
| 008 | 090728s2008 ii b 001 0 eng | ||
| 010 | _aENG-95838 | ||
| 020 |
_a9780198066286 _c395.00 |
||
| 020 |
_a0198066287 _c395.00 |
||
| 035 | _aEN-79371 | ||
| 037 | _bDBAD/PUB | ||
| 040 |
_aDPL _beng |
||
| 082 | _a342.54 | ||
| 100 | _a Reddy,O.Chinnappa | ||
| 245 |
_aThe court and the constitution of India : _bsummits and shallows / _cby O. Chinnappa Reddy ; foreworded by Upendra Baxi ; introduction by A.S. Anand. |
||
| 260 |
_aNew Delhi _bOxford University Press _c2010 |
||
| 270 |
_aYMCA Library Building,Jai Singh Road _bNew Delhi _e110001 |
||
| 300 |
_ali, 337 p. _c23 cm.(pbk) |
||
| 500 | _aIncludes indexes | ||
| 520 | _aOn the role of the Supreme Court of India in interpreting the main themes of the constitution and in formulating contemporary public law in the country. | ||
| 610 |
_aIndia. _bSupreme Court. |
||
| 610 |
_aIndia. _tConstitution. |
||
| 650 |
_aJudicial power _zIndia. |
||
| 650 |
_aCourts _zIndia. |
||
| 650 |
_aJustice, Administration of _zIndia. |
||
| 942 |
_2ddc _cEN _mRED _h342.54 |
||
| 999 |
_c33634 _d33634 |
||